Discurso del método

Saved in:
Bibliographic Details
Main Author: Descartes, René (autor)
Format: Book
Language:Spanish
Published: Madrid SARPE 1984
Edition:1a. ed
Series:Los Grandes Pensadores, 21
Subjects:
Tags: Add Tag
No Tags, Be the first to tag this record!

MARC

LEADER 00000cam a2200000 a 4500
001 UCE2246
003 CL-VaPUC
008 140619e19840000sp |||||||||||||||||spa|d
020 |a 8449971926 
082 0 4 |a 141  |b DES  |2 21 
100 |a Descartes, René  |e autor  |9 265906 
245 1 0 |a Discurso del método 
250 |a 1a. ed 
300 |a 171 p 
942 |c BK 
945 |d 20140619 13:53:00  |a dcastane 
260 |a Madrid  |b SARPE  |c 1984 
650 0 |a Filosofía francesa   |9 255698 
650 0 |a Filósofos franceses  |9 314621 
650 0 |a Teoría del conocimiento   |9 255038 
583 |a last modification  |c 20140619 13:53:00  |k Rodrigo Vera 
490 0 |a Los Grandes Pensadores, 21 
999 |c 355895  |d 355893 
952 |0 0  |1 0  |3 erd  |4 0  |6 141_000000000000000_DES_1984  |7 0  |8 X  |9 462836  |a FDOBUD  |b FDOBUD  |i 5042534  |o 141 DES 1984  |p 5042534  |r 2019-11-23  |w 2019-11-23  |y BK_X  |z Catalogado en:20140619  |k BUD